| 000 | 04119cam a22005654i 4500 | ||
|---|---|---|---|
| 003 | PE-LiUPU | ||
| 005 | 20250731173039.0 | ||
| 008 | 161203s2017 miu rb 001 0 eng d | ||
| 020 |
_a9780802873644 _q(pbk. ; _qalk. paper) |
||
| 035 | _a(Sirsi) i9780802873644 | ||
| 035 | _a(OCoLC)959650532 | ||
| 040 |
_aDLC _bspa _erda _cDLC _dYDX _dBDX _dKPS _dLNT _dICW _dYUS _dWIO _dOCLCO _dOCLCA _dOCLCQ _dPE-LiUPU |
||
| 049 | _aPRUA | ||
| 050 | 0 | 0 |
_aBS2387 _b.G54 2017 |
| 082 | 0 | 0 |
_a220.6 _bG59 _223 |
| 100 | 1 |
_aGoldingay, John, _eautor. |
|
| 245 | 1 | 0 |
_aReading Jesus's Bible : _bhow the New Testament helps us understand the Old Testament / _cJohn Goldingay. |
| 264 | 1 |
_aGrand Rapids, Michigan : _bWilliam B. Eerdmans Publishing Company, _c2017. |
|
| 300 |
_avii, 262 páginas ; _c23 centímetros |
||
| 336 |
_atext _2rdacontent |
||
| 337 |
_aunmediated _2rdamedia |
||
| 338 |
_avolume _2rdacarrier |
||
| 504 | _aÍndices : páginas 253-262. | ||
| 505 | 0 | _aIntroduction -- Story -- Matthew 1:1--17: Jesus's Backstory -- Romans: The First Testament Story and the Gospel -- First Corinthians 10 and Hebrews: The Story as Warning -- The Story and the Stories (Part 1) -- The Story and the Stories (Part 2) -- Promises -- Matthew 1:18--2:23: Jesus Filling Out Promises -- Luke: Jesus Interpreting the Scriptures -- Acts: The Holy Spirit Said ... -- The Prophets in Themselves -- Ideas -- Matthew 3:13--17: The Anointed, the Servant, the Son -- Matthew 3:1--5: The Baptizer's Theological Dictionary -- Matthew 3:6--12: The Language World -- Romans: The Theological Resource -- Hebrews: Through the Prophets, through the Son -- Revelation: Hardly a Verse without an Allusion -- The Theology of the First Testament in the New Testament -- Relationship -- Matthew 4:1--11: It Is Written -- Matthew 5:1--16: A Disciples Blessings -- Relating to God in the New Testament -- Relating to God in the First Testament -- Life -- Matthew 5:17--20: Not to Annul but to Fulfill -- Matthew 5:21--48: You Have Heard That It Was Said ... -- The First Testament's Ethics in Its Own Right | |
| 520 | _a"For Jesus and his contemporaries, what we now know as the Old Testament was simply the Scriptures--and it was the fundamental basis of how people understood their relationship with God. In this book John Goldingay uncovers five major ways in which the New Testament uses the Old Testament. His discussion paves the way for contemporary readers to understand and appreciate the Old Testament more fully. Along with an overview of how Jesus and the first Christian writers read the Old Testament, illustrated with passages from Matthew, Romans, 1 Corinthians, and Hebrews, Goldingay offers a straightforward introduction to the Old Testament in its own right. Reading Jesus's Bible will shed fresh Old Testament light on Jesus, God, and the church for readers today."--Back cover. | ||
| 526 | _aSEG42 | ||
| 526 | _aSEG41 | ||
| 526 | _aSEG40 | ||
| 526 | _aSEG39 | ||
| 526 | _aP94 | ||
| 526 | _aP87 | ||
| 526 | _aP86 | ||
| 526 | _aP85 | ||
| 526 | _aP77 | ||
| 526 | _aP76 | ||
| 526 | _aP35 | ||
| 630 | 0 | 0 |
_aBible. _pNew Testament _xCriticism, interpretation, etc. |
| 630 | 0 | 0 |
_aBible. _pNew Testament _xRelation to the Old Testament. |
| 630 | 0 | 4 |
_aBiblia. _pNuevo Testamento _xCrótica, interpretación, |
| 630 | 0 | 4 |
_aBiblia. _pNuevo Testamento _xRelación con el Antiguo Testament |
| 910 |
_adbm _bjpc _cjpc _d20171201 |
||
| 942 |
_2ddc _cBOOK |
||
| 949 |
_a220.6 G59 _wDEWEY _c1 _i77349 _lCATALOGING _mBUL _p14.40 _r0 _sY _tBOOK _u2017-12-04 _xPOSGRADO _PP85 _0DONACION _o.STAFF. Colección Teología |
||
| 994 |
_aC0 _bPEPRU |
||
| 596 | _a1 | ||
| 999 |
_a220.6 G59 _wDEWEY _c26235 _i77349 _d26235 _f2021-11-9 _g4 _lCCODEBUL1 _mBUL _p14.40 _q1 _r0 _sY _tBOOK _u2017-12-4 _xTEOLOGIA _PP85 _0DONACION _o.STAFF. Colección Teología |
||
| 999 |
_a220.6 G59 _wDEWEY _c2 _i77638 _f2021-11-9 _g4 _lCCODEBUL1 _mBUL _p18.56 _r0 _sY _tBOOK _u2018-1-9 _xTEOLOGIA _PP85 _0DONACION _o.STAFF. Colección Teología |
||
| 980 |
_81 _gALBERTO SANCHEZ Responsable de Automatización |
||